[Event "Chess Masters Gent 2023"]
[Site "Ghent, Belgium"]
[Date "2023.07.16"]
[Round "6.1"]
[White "Hausrath, Daniel"]
[Black "Pijpers, Arthur"]
[Result "1/2-1/2"]
[TimeControl "90'/40 + 30' + 30\"/M"]
[WhiteTitle "GM"]
[BlackTitle "IM"]
[WhiteFideId "4617495"]
[BlackFideId "1019554"]
[WhiteElo "2442"]
[BlackElo "2465"]

1. Nf3 {[%clk 01:30:30]} {[%emt 02:21:10]} Nf6 {[%clk 01:30:53]} {[%emt
00:00:27]} 2. g3 {[%clk 01:30:58]} {[%emt 00:00:29]} g6 {[%clk 01:31:17]}
{[%emt 00:00:06]} 3. Bg2 {[%clk 01:29:57]} {[%emt 00:01:31]} c5 {[%clk
01:31:14]} {[%emt 00:00:34]} 4. O-O {[%clk 01:28:19]} {[%emt 00:02:07]} Bg7
{[%clk 01:28:28]} {[%emt 00:03:17]} 5. c3 {[%clk 01:21:28]} {[%emt 00:07:21]}
O-O {[%clk 01:27:08]} {[%emt 00:01:50]} 6. d4 {[%clk 01:21:31]} {[%emt
00:00:27]} cxd4 {[%clk 01:27:34]} {[%emt 00:00:05]} 7. cxd4 {[%clk 01:21:55]}
{[%emt 00:00:06]} d5 {[%clk 01:28:00]} {[%emt 00:00:04]} 8. Nc3 {[%clk
01:20:04]} {[%emt 00:02:21]} Nc6 {[%clk 01:28:25]} {[%emt 00:00:05]} 9. Ne5
{[%clk 01:20:04]} {[%emt 00:00:29]} Bf5 {[%clk 01:28:50]} {[%emt 00:00:05]} 10.
Bf4 {[%clk 01:16:04]} {[%emt 00:04:30]} Qb6 {[%clk 01:20:41]} {[%emt 00:08:39]}
11. Na4 {[%clk 01:09:47]} {[%emt 00:06:46]} Qa5 {[%clk 01:17:55]} {[%emt
00:03:16]} 12. Nxc6 {[%clk 01:05:53]} {[%emt 00:04:24]} bxc6 {[%clk 01:18:22]}
{[%emt 00:00:02]} 13. Be5 {[%clk 01:06:15]} {[%emt 00:00:09]} h5 {[%clk
01:08:18]} {[%emt 00:10:35]} 14. h4 {[%clk 00:49:57]} {[%emt 00:16:47]} Bh6
{[%clk 01:04:16]} {[%emt 00:04:32]} 15. Bxf6 {[%clk 00:49:01]} {[%emt
00:01:25]} exf6 {[%clk 01:04:39]} {[%emt 00:00:08]} 16. e3 {[%clk 00:49:26]}
{[%emt 00:00:04]} Rfe8 {[%clk 00:48:22]} {[%emt 00:16:47]} 17. Re1 {[%clk
00:40:24]} {[%emt 00:09:31]} Bg4 {[%clk 00:34:16]} {[%emt 00:14:36]} 18. Qc2
{[%clk 00:40:28]} {[%emt 00:00:26]} Bf5 {[%clk 00:34:42]} {[%emt 00:00:05]} 19.
Qd1 {[%clk 00:40:42]} {[%emt 00:00:15]} Re7 {[%clk 00:35:08]} {[%emt 00:00:05]}
20. Rc1 {[%clk 00:35:50]} {[%emt 00:05:22]} Rae8 {[%clk 00:35:01]} {[%emt
00:00:37]} 21. Kh2 {[%clk 00:34:24]} {[%emt 00:01:55]} Bg4 {[%clk 00:33:38]}
{[%emt 00:01:54]} 22. Qc2 {[%clk 00:34:29]} {[%emt 00:00:24]} Kg7 {[%clk
00:20:24]} {[%emt 00:13:44]} 23. b3 {[%clk 00:32:27]} {[%emt 00:02:32]} Bf5
{[%clk 00:16:33]} {[%emt 00:04:22]} 24. Qc3 {[%clk 00:30:24]} {[%emt 00:02:32]}
Qd8 {[%clk 00:16:47]} {[%emt 00:00:17]} 25. Qxc6 {[%clk 00:29:38]} {[%emt
00:01:16]} Qb8 {[%clk 00:15:44]} {[%emt 00:01:33]} 26. Rc5 {[%clk 00:17:18]}
{[%emt 00:12:50]} Bd7 {[%clk 00:11:07]} {[%emt 00:05:07]} 27. Qc7 {[%clk
00:13:26]} {[%emt 00:04:23]} Qb4 {[%clk 00:11:32]} {[%emt 00:00:05]} 28. Qa5
{[%clk 00:13:23]} {[%emt 00:00:34]} Qb8 {[%clk 00:10:06]} {[%emt 00:01:56]} 29.
Qc7 {[%clk 00:10:29]} {[%emt 00:03:24]} Qb4 {[%clk 00:10:33]} {[%emt 00:00:03]}
30. Qa5 {[%clk 00:10:54]} {[%emt 00:00:05]} Qb8 {[%clk 00:11:00]} {[%emt
00:00:03]} 31. Qc7 {[%clk 00:06:48]} 1/2-1/2

[Event "Chess Masters Gent 2023"]
[Site "Ghent, Belgium"]
[Date "2023.07.16"]
[Round "6.2"]
[White "Maerevoet, Sim"]
[Black "Gormally, Daniel W."]
[Result "1/2-1/2"]
[TimeControl "90'/40 + 30' + 30\"/M"]
[WhiteTitle "FM"]
[BlackTitle "GM"]
[WhiteFideId "241725"]
[BlackFideId "406465"]
[WhiteElo "2414"]
[BlackElo "2432"]

1. c4 {[%clk 01:30:57]} {[%emt 00:00:03]} Nf6 {[%clk 01:30:03]} {[%emt
00:00:56]} 2. Nc3 {[%clk 01:31:12]} {[%emt 00:00:16]} g6 {[%clk 01:29:49]}
{[%emt 00:00:44]} 3. e4 {[%clk 01:31:29]} {[%emt 00:00:13]} d6 {[%clk
01:29:52]} {[%emt 00:00:27]} 4. d4 {[%clk 01:31:53]} {[%emt 00:00:06]} Bg7
{[%clk 01:30:16]} {[%emt 00:00:05]} 5. Be2 {[%clk 01:31:54]} {[%emt 00:00:29]}
c5 {[%clk 01:26:53]} {[%emt 00:03:53]} 6. d5 {[%clk 01:31:35]} {[%emt
00:00:49]} e6 {[%clk 01:24:58]} {[%emt 00:02:24]} 7. Nf3 {[%clk 01:23:15]}
{[%emt 00:08:51]} O-O {[%clk 01:21:56]} {[%emt 00:03:33]} 8. Be3 {[%clk
01:22:14]} {[%emt 00:01:31]} exd5 {[%clk 01:21:50]} {[%emt 00:00:36]} 9. cxd5
{[%clk 01:22:32]} {[%emt 00:00:12]} b5 {[%clk 01:17:05]} {[%emt 00:05:14]} 10.
Nxb5 {[%clk 00:51:10]} {[%emt 00:31:54]} Nxe4 {[%clk 01:17:25]} {[%emt
00:00:09]} 11. Nd2 {[%clk 00:50:16]} {[%emt 00:01:24]} a6 {[%clk 01:08:52]}
{[%emt 00:09:03]} 12. Na3 {[%clk 00:43:14]} {[%emt 00:07:32]} Nxd2 {[%clk
01:01:07]} {[%emt 00:08:15]} 13. Qxd2 {[%clk 00:43:22]} {[%emt 00:00:22]} Nd7
{[%clk 01:01:34]} {[%emt 00:00:03]} 14. Nc4 {[%clk 00:37:45]} {[%emt 00:06:07]}
Ne5 {[%clk 01:01:43]} {[%emt 00:00:20]} 15. O-O {[%clk 00:36:55]} {[%emt
00:01:20]} Nxc4 {[%clk 00:59:20]} {[%emt 00:02:53]} 16. Bxc4 {[%clk 00:37:20]}
{[%emt 00:00:05]} Rb8 {[%clk 00:59:22]} {[%emt 00:00:28]} 17. Rab1 {[%clk
00:37:19]} {[%emt 00:00:32]} Bf5 {[%clk 00:55:54]} {[%emt 00:03:57]} 18. Bd3
{[%clk 00:37:37]} {[%emt 00:00:12]} Bxd3 {[%clk 00:56:09]} {[%emt 00:00:16]} 19.
Qxd3 {[%clk 00:38:02]} {[%emt 00:00:05]} Qa5 {[%clk 00:56:36]} {[%emt
00:00:03]} 20. Bf4 {[%clk 00:33:48]} {[%emt 00:04:44]} Rfd8 {[%clk 00:55:07]}
{[%emt 00:01:58]} 21. Qa3 {[%clk 00:21:11]} {[%emt 00:13:07]} Qxa3 {[%clk
00:50:47]} {[%emt 00:04:50]} 22. bxa3 {[%clk 00:21:38]} {[%emt 00:00:04]} Bb2
{[%clk 00:51:13]} {[%emt 00:00:04]} 23. Bc1 {[%clk 00:20:18]} {[%emt 00:01:49]}
Bxc1 {[%clk 00:43:30]} {[%emt 00:08:13]} 24. Rfxc1 {[%clk 00:20:36]} {[%emt
00:00:12]} Re8 {[%clk 00:43:24]} {[%emt 00:00:36]} 25. Kf1 {[%clk 00:18:16]}
{[%emt 00:02:51]} Rxb1 {[%clk 00:43:40]} {[%emt 00:00:14]} 26. Rxb1 {[%clk
00:18:45]} {[%emt 00:00:01]} Re5 {[%clk 00:44:03]} {[%emt 00:00:06]} 27. Rb6
{[%clk 00:16:07]} {[%emt 00:03:08]} Rxd5 {[%clk 00:41:56]} {[%emt 00:02:37]} 28.
Rxa6 {[%clk 00:16:32]} {[%emt 00:00:05]} Kf8 {[%clk 00:40:25]} {[%emt
00:02:00]} 29. Ra7 {[%clk 00:15:19]} {[%emt 00:01:44]} Kg7 {[%clk 00:37:49]}
{[%emt 00:03:06]} 30. Ke2 {[%clk 00:14:19]} {[%emt 00:01:30]} Kf6 {[%clk
00:38:14]} {[%emt 00:00:04]} 31. Ra4 {[%clk 00:10:02]} {[%emt 00:04:47]} Ke6
{[%clk 00:36:01]} {[%emt 00:02:44]} 32. f4 {[%clk 00:06:56]} {[%emt 00:03:36]}
g5 {[%clk 00:32:36]} {[%emt 00:03:54]} 33. g4 {[%clk 00:06:40]} {[%emt
00:00:47]} gxf4 {[%clk 00:30:11]} {[%emt 00:02:53]} 34. Rxf4 {[%clk 00:07:06]}
{[%emt 00:00:05]} Re5+ {[%clk 00:27:42]} {[%emt 00:03:00]} 35. Kd2 {[%clk
00:06:59]} {[%emt 00:00:37]} d5 {[%clk 00:26:53]} {[%emt 00:01:18]} 36. a4
{[%clk 00:07:04]} {[%emt 00:00:25]} d4 {[%clk 00:26:40]} {[%emt 00:00:42]} 37.
a5 {[%clk 00:05:50]} {[%emt 00:01:45]} Re3 {[%clk 00:23:19]} {[%emt 00:03:51]}
38. Rf5 {[%clk 00:06:11]} {[%emt 00:00:09]} Kd6 {[%clk 00:22:20]} {[%emt
00:01:28]} 39. a6 {[%clk 00:04:10]} {[%emt 00:02:31]} Ra3 {[%clk 00:21:43]}
{[%emt 00:01:07]} 40. Kc2 {[%clk 00:03:28]} {[%emt 00:01:13]} Kc6 {[%clk
00:18:04]} {[%emt 00:04:09]} 41. Rxf7 {[%clk 00:02:15]} {[%emt 00:01:42]} Kb5
{[%clk 00:16:06]} {[%emt 00:02:28]} 42. a7 {[%clk 00:30:13]} {[%emt 00:02:32]}
Rxa2+ {[%clk 00:45:49]} {[%emt 00:00:47]} 43. Kb3 {[%clk 00:29:05]} {[%emt
00:01:37]} Ra1 {[%clk 00:44:26]} {[%emt 00:01:53]} 44. Rb7+ {[%clk 00:29:13]}
{[%emt 00:00:22]} Kc6 {[%clk 00:44:52]} {[%emt 00:00:05]} 45. Rxh7 {[%clk
00:29:38]} {[%emt 00:00:05]} d3 {[%clk 00:44:34]} {[%emt 00:00:48]} 46. Rh3
{[%clk 00:22:30]} {[%emt 00:07:38]} Rxa7 {[%clk 00:43:08]} {[%emt 00:01:56]} 47.
Rxd3 {[%clk 00:22:51]} {[%emt 00:00:09]} c4+ {[%clk 00:43:36]} {[%emt
00:00:02]} 48. Kxc4 {[%clk 00:23:10]} {[%emt 00:00:12]} Ra4+ {[%clk 00:44:02]}
{[%emt 00:00:04]} 49. Kc3 {[%clk 00:23:31]} {[%emt 00:00:08]} Rxg4 {[%clk
00:44:28]} {[%emt 00:00:04]} 50. h3 {[%clk 00:20:08]} {[%emt 00:03:52]} Re4
{[%clk 00:44:13]} {[%emt 00:00:45]} 51. Kd2 {[%clk 00:19:34]} {[%emt 00:01:04]}
Kc5 {[%clk 00:44:22]} {[%emt 00:00:21]} 52. Re3 {[%clk 00:18:40]} {[%emt
00:01:24]} 1/2-1/2

[Event "Chess Masters Gent 2023"]
[Site "Ghent, Belgium"]
[Date "2023.07.16"]
[Round "6.3"]
[White "Van Der Stricht, Geert"]
[Black "Laurent-Paoli, Pierre"]
[Result "0-1"]
[TimeControl "90'/40 + 30' + 30\"/M"]
[WhiteTitle "IM"]
[BlackTitle "IM"]
[WhiteFideId "201324"]
[BlackFideId "26017962"]
[WhiteElo "2329"]
[BlackElo "2531"]

1. d4 {[%clk 01:30:56]} {[%emt 00:00:02]} Nf6 {[%clk 01:30:00]} {[%emt
00:01:01]} 2. c4 {[%clk 01:31:20]} {[%emt 00:00:06]} e6 {[%clk 01:29:56]}
{[%emt 00:00:34]} 3. Nc3 {[%clk 01:31:27]} {[%emt 00:00:22]} Bb4 {[%clk
01:30:15]} {[%emt 00:00:11]} 4. e3 {[%clk 01:31:52]} {[%emt 00:00:05]} O-O
{[%clk 01:29:48]} {[%emt 00:00:57]} 5. Bd3 {[%clk 01:32:15]} {[%emt 00:00:06]}
Re8 {[%clk 01:29:25]} {[%emt 00:00:53]} 6. Nf3 {[%clk 01:31:16]} {[%emt
00:01:30]} d6 {[%clk 01:25:52]} {[%emt 00:04:03]} 7. O-O {[%clk 01:30:38]}
{[%emt 00:01:08]} Bxc3 {[%clk 01:25:52]} {[%emt 00:00:30]} 8. bxc3 {[%clk
01:30:53]} {[%emt 00:00:15]} e5 {[%clk 01:26:19]} {[%emt 00:00:04]} 9. Nd2
{[%clk 01:24:57]} {[%emt 00:06:24]} e4 {[%clk 01:26:45]} {[%emt 00:00:05]} 10.
Bc2 {[%clk 01:24:28]} {[%emt 00:00:58]} Bg4 {[%clk 01:26:48]} {[%emt 00:00:26]}
11. f3 {[%clk 01:09:43]} {[%emt 00:15:16]} exf3 {[%clk 01:22:39]} {[%emt
00:04:39]} 12. gxf3 {[%clk 01:08:01]} {[%emt 00:02:12]} Bh3 {[%clk 01:23:04]}
{[%emt 00:00:05]} 13. Re1 {[%clk 01:08:11]} {[%emt 00:00:20]} Nh5 {[%clk
01:19:36]} {[%emt 00:03:57]} 14. Kh1 {[%clk 00:56:41]} {[%emt 00:11:59]} f5
{[%clk 01:11:21]} {[%emt 00:08:46]} 15. Rg1 {[%clk 00:52:25]} {[%emt 00:04:46]}
Qh4 {[%clk 01:09:47]} {[%emt 00:02:04]} 16. Nf1 {[%clk 00:36:07]} {[%emt
00:16:48]} Qf2 {[%clk 00:58:31]} {[%emt 00:11:46]} 17. Bd2 {[%clk 00:31:52]}
{[%emt 00:04:44]} Nf4 {[%clk 00:55:54]} {[%emt 00:03:07]} 0-1

[Event "Chess Masters Gent 2023"]
[Site "Ghent, Belgium"]
[Date "2023.07.16"]
[Round "6.4"]
[White "De Waele, Warre"]
[Black "Fernandez, Daniel H."]
[Result "0-1"]
[TimeControl "90'/40 + 30' + 30\"/M"]
[WhiteTitle "FM"]
[BlackTitle "GM"]
[WhiteFideId "241156"]
[BlackFideId "5801605"]
[WhiteElo "2350"]
[BlackElo "2518"]

1. Nf3 {[%clk 01:30:55]} {[%emt 00:00:04]} g6 {[%clk 01:20:20]} {[%emt
00:10:40]} 2. e4 {[%clk 01:30:37]} {[%emt 00:00:48]} Bg7 {[%clk 01:20:25]}
{[%emt 00:00:25]} 3. d4 {[%clk 01:30:59]} {[%emt 00:00:08]} d6 {[%clk
01:20:49]} {[%emt 00:00:06]} 4. Be2 {[%clk 01:31:24]} {[%emt 00:00:05]} e5
{[%clk 01:19:26]} {[%emt 00:01:53]} 5. dxe5 {[%clk 01:30:03]} {[%emt 00:01:51]}
dxe5 {[%clk 01:19:53]} {[%emt 00:00:03]} 6. Qxd8+ {[%clk 01:30:24]} {[%emt
00:00:09]} Kxd8 {[%clk 01:20:18]} {[%emt 00:00:05]} 7. Nc3 {[%clk 01:26:19]}
{[%emt 00:04:35]} f6 {[%clk 01:18:15]} {[%emt 00:02:32]} 8. Be3 {[%clk
01:26:22]} {[%emt 00:00:28]} c6 {[%clk 01:13:34]} {[%emt 00:05:12]} 9. a4
{[%clk 01:24:26]} {[%emt 00:02:25]} Bh6 {[%clk 01:12:29]} {[%emt 00:01:34]} 10.
Bxh6 {[%clk 01:24:28]} {[%emt 00:00:29]} Nxh6 {[%clk 01:12:56]} {[%emt
00:00:03]} 11. Nd2 {[%clk 01:23:59]} {[%emt 00:01:00]} Ke7 {[%clk 01:11:34]}
{[%emt 00:01:51]} 12. h4 {[%clk 01:22:44]} {[%emt 00:01:46]} Nd7 {[%clk
01:07:20]} {[%emt 00:04:43]} 13. a5 {[%clk 01:10:53]} {[%emt 00:12:23]} Nc5
{[%clk 01:06:55]} {[%emt 00:00:55]} 14. h5 {[%clk 01:08:59]} {[%emt 00:02:24]}
Ne6 {[%clk 00:59:40]} {[%emt 00:07:44]} 15. hxg6 {[%clk 01:08:43]} {[%emt
00:00:47]} hxg6 {[%clk 01:00:07]} {[%emt 00:00:03]} 16. Nd1 {[%clk 01:05:47]}
{[%emt 00:03:25]} Bd7 {[%clk 00:55:18]} {[%emt 00:05:19]} 17. Ne3 {[%clk
01:04:12]} {[%emt 00:02:05]} Nd4 {[%clk 00:55:46]} {[%emt 00:00:03]} 18. c3
{[%clk 01:00:15]} {[%emt 00:04:28]} Nxe2 {[%clk 00:56:12]} {[%emt 00:00:04]} 19.
Kxe2 {[%clk 01:00:40]} {[%emt 00:00:04]} Nf7 {[%clk 00:55:00]} {[%emt
00:01:41]} 20. g3 {[%clk 01:00:46]} {[%emt 00:00:24]} Rad8 {[%clk 00:44:42]}
{[%emt 00:10:48]} 21. Raf1 {[%clk 00:57:32]} {[%emt 00:03:44]} f5 {[%clk
00:34:27]} {[%emt 00:10:45]} 22. f4 {[%clk 00:52:40]} {[%emt 00:05:22]} fxe4
{[%clk 00:33:15]} {[%emt 00:01:42]} 23. Nxe4 {[%clk 00:51:29]} {[%emt
00:01:41]} Bf5 {[%clk 00:23:01]} {[%emt 00:10:43]} 24. Nf2 {[%clk 00:49:30]}
{[%emt 00:02:29]} exf4 {[%clk 00:21:13]} {[%emt 00:02:19]} 25. gxf4 {[%clk
00:47:47]} {[%emt 00:02:14]} c5 {[%clk 00:21:27]} {[%emt 00:00:16]} 26. Nxf5+
{[%clk 00:46:18]} {[%emt 00:01:59]} gxf5 {[%clk 00:21:47]} {[%emt 00:00:10]} 27.
Nd1 {[%clk 00:45:08]} {[%emt 00:01:39]} Nd6 {[%clk 00:18:09]} {[%emt 00:04:08]}
28. Rxh8 {[%clk 00:41:21]} {[%emt 00:04:17]} Rxh8 {[%clk 00:18:36]} {[%emt
00:00:03]} 29. Ne3 {[%clk 00:41:40]} {[%emt 00:00:12]} Kd7 {[%clk 00:16:37]}
{[%emt 00:02:29]} 30. c4 {[%clk 00:38:31]} {[%emt 00:03:39]} Ke6 {[%clk
00:12:44]} {[%emt 00:04:23]} 31. Rf2 {[%clk 00:27:35]} {[%emt 00:11:27]} Rh1
{[%clk 00:11:31]} {[%emt 00:01:43]} 32. Rf1 {[%clk 00:18:25]} {[%emt 00:09:40]}
Rxf1 {[%clk 00:11:42]} {[%emt 00:00:19]} 33. Kxf1 {[%clk 00:18:52]} {[%emt
00:00:04]} Nf7 {[%clk 00:12:05]} {[%emt 00:00:07]} 34. Nc2 {[%clk 00:15:15]}
{[%emt 00:04:07]} Nd8 {[%clk 00:12:27]} {[%emt 00:00:07]} 35. Na1 {[%clk
00:14:34]} {[%emt 00:01:12]} Kd6 {[%clk 00:12:35]} {[%emt 00:00:22]} 36. Kf2
{[%clk 00:07:49]} {[%emt 00:07:15]} Ne6 {[%clk 00:12:56]} {[%emt 00:00:09]} 37.
Kg3 {[%clk 00:07:10]} {[%emt 00:01:09]} Nd4 {[%clk 00:13:16]} {[%emt 00:00:09]}
38. Kh4 {[%clk 00:06:11]} {[%emt 00:01:29]} Ke7 {[%clk 00:12:40]} {[%emt
00:01:06]} 39. Kg5 {[%clk 00:05:56]} {[%emt 00:00:46]} Kf7 {[%clk 00:13:00]}
{[%emt 00:00:10]} 40. Kh4 {[%clk 00:02:59]} {[%emt 00:03:27]} Kg6 {[%clk
00:13:26]} {[%emt 00:00:03]} 41. Kg3 {[%clk 00:21:37]} {[%emt 00:11:52]} Kh5
{[%clk 00:43:16]} {[%emt 00:00:41]} 42. Kh3 {[%clk 00:22:03]} {[%emt 00:00:05]}
Ne2 {[%clk 00:43:35]} {[%emt 00:00:11]} 43. Nc2 {[%clk 00:22:26]} {[%emt
00:00:06]} Nxf4+ {[%clk 00:43:52]} {[%emt 00:00:13]} 44. Kg3 {[%clk 00:22:13]}
{[%emt 00:00:43]} Nd3 {[%clk 00:44:19]} {[%emt 00:00:03]} 45. b3 {[%clk
00:21:32]} {[%emt 00:01:12]} Kg5 {[%clk 00:44:46]} {[%emt 00:00:03]} 46. Kf3
{[%clk 00:21:40]} {[%emt 00:00:22]} Ne5+ {[%clk 00:43:48]} {[%emt 00:01:28]} 47.
Ke3 {[%clk 00:21:51]} {[%emt 00:00:20]} Nc6 {[%clk 00:44:15]} {[%emt 00:00:03]}
48. a6 {[%clk 00:21:45]} {[%emt 00:00:37]} bxa6 {[%clk 00:43:45]} {[%emt
00:01:00]} 49. Ne1 {[%clk 00:22:07]} {[%emt 00:00:07]} Na5 {[%clk 00:43:50]}
{[%emt 00:00:24]} 50. Nf3+ {[%clk 00:21:46]} {[%emt 00:00:50]} Kf6 {[%clk
00:44:18]} {[%emt 00:00:03]} 51. Nd2 {[%clk 00:22:10]} {[%emt 00:00:07]} Nc6
{[%clk 00:44:34]} {[%emt 00:00:14]} 0-1

[Event "Chess Masters Gent 2023"]
[Site "Ghent, Belgium"]
[Date "2023.07.16"]
[Round "6.5"]
[White "Dgebuadze, Alexandre"]
[Black "Dauw, Sterre"]
[Result "1-0"]
[TimeControl "90'/40 + 30' + 30\"/M"]
[WhiteTitle "GM"]
[BlackTitle "FM"]
[BlackFideId "248886"]
[WhiteElo "2443"]
[BlackElo "2244"]

1. e4 {[%clk 01:30:20]} {[%emt 00:00:39]} e5 {[%clk 01:30:41]} {[%emt
00:00:19]} 2. Bc4 {[%clk 01:29:46]} {[%emt 00:01:05]} Nf6 {[%clk 01:30:39]}
{[%emt 00:00:31]} 3. d3 {[%clk 01:30:00]} {[%emt 00:00:16]} c6 {[%clk
01:28:22]} {[%emt 00:02:47]} 4. Nf3 {[%clk 01:30:12]} {[%emt 00:00:19]} d5
{[%clk 01:28:27]} {[%emt 00:00:24]} 5. Bb3 {[%clk 01:30:33]} {[%emt 00:00:09]}
Bb4+ {[%clk 01:28:51]} {[%emt 00:00:06]} 6. Bd2 {[%clk 01:29:41]} {[%emt
00:01:22]} Bxd2+ {[%clk 01:24:59]} {[%emt 00:04:23]} 7. Nbxd2 {[%clk 01:30:06]}
{[%emt 00:00:05]} O-O {[%clk 01:23:23]} {[%emt 00:02:06]} 8. O-O {[%clk
01:19:21]} {[%emt 00:11:15]} Re8 {[%clk 01:09:22]} {[%emt 00:14:30]} 9. Re1
{[%clk 01:17:01]} {[%emt 00:02:51]} d4 {[%clk 01:02:06]} {[%emt 00:07:46]} 10.
Ng5 {[%clk 01:14:10]} {[%emt 00:03:20]} Rf8 {[%clk 00:50:10]} {[%emt 00:12:27]}
11. Ndf3 {[%clk 00:52:54]} {[%emt 00:21:46]} Ne8 {[%clk 00:50:22]} {[%emt
00:00:18]} 12. Nxf7 {[%clk 00:46:02]} {[%emt 00:07:22]} Rxf7 {[%clk 00:50:40]}
{[%emt 00:00:12]} 13. Nxe5 {[%clk 00:46:04]} {[%emt 00:00:28]} Nd6 {[%clk
00:51:04]} {[%emt 00:00:06]} 14. c3 {[%clk 00:43:06]} {[%emt 00:03:28]} dxc3
{[%clk 00:42:13]} {[%emt 00:09:20]} 15. bxc3 {[%clk 00:43:00]} {[%emt
00:00:37]} Qe7 {[%clk 00:42:26]} {[%emt 00:00:17]} 16. Nxf7 {[%clk 00:43:04]}
{[%emt 00:00:25]} Nxf7 {[%clk 00:42:48]} {[%emt 00:00:07]} 17. d4 {[%clk
00:43:18]} {[%emt 00:00:16]} Nd7 {[%clk 00:42:56]} {[%emt 00:00:23]} 18. f4
{[%clk 00:41:01]} {[%emt 00:02:46]} Nf8 {[%clk 00:31:11]} {[%emt 00:12:15]} 19.
f5 {[%clk 00:38:45]} {[%emt 00:02:47]} Bd7 {[%clk 00:29:23]} {[%emt 00:02:18]}
20. Qd3 {[%clk 00:33:30]} {[%emt 00:05:45]} Rd8 {[%clk 00:28:31]} {[%emt
00:01:23]} 21. e5 {[%clk 00:29:49]} {[%emt 00:04:10]} Be8 {[%clk 00:28:33]}
{[%emt 00:00:28]} 22. Qg3 {[%clk 00:28:14]} {[%emt 00:02:05]} Kh8 {[%clk
00:28:34]} {[%emt 00:00:29]} 23. Rf1 {[%clk 00:27:58]} {[%emt 00:00:47]} Nh6
{[%clk 00:27:31]} {[%emt 00:01:33]} 24. f6 {[%clk 00:24:45]} {[%emt 00:03:43]}
gxf6 {[%clk 00:27:39]} {[%emt 00:00:23]} 25. exf6 {[%clk 00:24:58]} {[%emt
00:00:16]} Qd7 {[%clk 00:27:11]} {[%emt 00:00:57]} 26. Qg5 {[%clk 00:24:44]}
{[%emt 00:00:43]} 1-0

[Event "Chess Masters Gent 2023"]
[Site "Ghent, Belgium"]
[Date "2023.07.16"]
[Round "6.6"]
[White "Miedema, David"]
[Black "Csonka, Balazs"]
[Result "1/2-1/2"]
[TimeControl "90'/40 + 30' + 30\"/M"]
[WhiteTitle "IM"]
[BlackTitle "IM"]
[WhiteFideId "1018477"]
[BlackFideId "742910"]
[WhiteElo "2375"]
[BlackElo "2497"]

1. d4 {[%clk 01:24:17]} {[%emt 00:06:38]} Nf6 {[%clk 01:30:51]} {[%emt
00:00:12]} 2. c4 {[%clk 01:24:43]} {[%emt 00:00:05]} e6 {[%clk 01:31:15]}
{[%emt 00:00:06]} 3. Nf3 {[%clk 01:24:27]} {[%emt 00:00:47]} d5 {[%clk
01:31:19]} {[%emt 00:00:26]} 4. Nc3 {[%clk 01:24:52]} {[%emt 00:00:05]} c5
{[%clk 01:31:40]} {[%emt 00:00:09]} 5. cxd5 {[%clk 01:25:08]} {[%emt 00:00:14]}
Nxd5 {[%clk 01:32:01]} {[%emt 00:00:08]} 6. e4 {[%clk 01:25:31]} {[%emt
00:00:06]} Nxc3 {[%clk 01:32:25]} {[%emt 00:00:07]} 7. bxc3 {[%clk 01:25:58]}
{[%emt 00:00:04]} cxd4 {[%clk 01:32:49]} {[%emt 00:00:07]} 8. cxd4 {[%clk
01:26:23]} {[%emt 00:00:04]} Bb4+ {[%clk 01:33:12]} {[%emt 00:00:07]} 9. Bd2
{[%clk 01:26:50]} {[%emt 00:00:04]} Bxd2+ {[%clk 01:33:36]} {[%emt 00:00:06]}
10. Qxd2 {[%clk 01:27:16]} {[%emt 00:00:04]} O-O {[%clk 01:33:53]} {[%emt
00:00:12]} 11. Bc4 {[%clk 01:27:36]} {[%emt 00:00:10]} Nd7 {[%clk 01:34:15]}
{[%emt 00:00:07]} 12. O-O {[%clk 01:27:59]} {[%emt 00:00:07]} b6 {[%clk
01:34:36]} {[%emt 00:00:09]} 13. d5 {[%clk 01:26:27]} {[%emt 00:02:03]} Nf6
{[%clk 01:29:42]} {[%emt 00:05:24]} 14. dxe6 {[%clk 01:21:25]} {[%emt
00:05:31]} Bxe6 {[%clk 01:29:39]} {[%emt 00:00:33]} 15. Bxe6 {[%clk 01:21:43]}
{[%emt 00:00:13]} Qxd2 {[%clk 01:29:26]} {[%emt 00:00:43]} 16. Bxf7+ {[%clk
01:22:02]} {[%emt 00:00:11]} Rxf7 {[%clk 01:29:42]} {[%emt 00:00:13]} 17. Nxd2
{[%clk 01:22:29]} {[%emt 00:00:03]} Rd8 {[%clk 01:28:24]} {[%emt 00:01:48]} 18.
e5 {[%clk 01:22:46]} {[%emt 00:00:13]} Rxd2 {[%clk 01:27:53]} {[%emt 00:01:01]}
19. exf6 {[%clk 01:23:12]} {[%emt 00:00:04]} Rxf6 {[%clk 01:28:15]} {[%emt
00:00:07]} 20. a4 {[%clk 01:20:39]} {[%emt 00:03:03]} Rc6 {[%clk 01:16:01]}
{[%emt 00:12:43]} 21. g3 {[%clk 01:18:25]} {[%emt 00:02:44]} Rc4 {[%clk
00:47:59]} {[%emt 00:28:32]} 22. Rfe1 {[%clk 01:11:42]} {[%emt 00:07:12]} Rcc2
{[%clk 00:47:19]} {[%emt 00:01:10]} 23. Rad1 {[%clk 01:04:05]} {[%emt
00:08:07]} Rxf2 {[%clk 00:35:34]} {[%emt 00:12:16]} 24. Re7 {[%clk 01:00:26]}
{[%emt 00:04:09]} Rg2+ {[%clk 00:26:59]} {[%emt 00:09:05]} 25. Kf1 {[%clk
01:00:49]} {[%emt 00:00:07]} Rgd2 {[%clk 00:27:04]} {[%emt 00:00:25]} 26. Rxd2
{[%clk 01:01:13]} {[%emt 00:00:06]} Rxd2 {[%clk 00:27:30]} {[%emt 00:00:04]} 27.
Rxa7 {[%clk 01:01:40]} {[%emt 00:00:03]} Rxh2 {[%clk 00:27:53]} {[%emt
00:00:07]} 28. a5 {[%clk 01:01:54]} {[%emt 00:00:17]} bxa5 {[%clk 00:27:45]}
{[%emt 00:00:38]} 29. Rxa5 {[%clk 01:02:20]} {[%emt 00:00:04]} Rh1+ {[%clk
00:27:55]} {[%emt 00:00:20]} 30. Kf2 {[%clk 01:02:44]} {[%emt 00:00:05]} Rh2+
{[%clk 00:28:18]} {[%emt 00:00:07]} 31. Kf1 {[%clk 01:03:06]} {[%emt 00:00:07]}
Rh1+ {[%clk 00:28:44]} {[%emt 00:00:05]} 32. Kf2 {[%clk 01:03:32]} {[%emt
00:00:04]} Rh2+ {[%clk 00:29:10]} {[%emt 00:00:04]} 33. Kf1 {[%clk 01:04:00]}
{[%emt 00:00:02]} 1/2-1/2